Moja najkrajšia vianočná knižka rozprávky, koledy, ozdoby

Bibliographic Details
Main Authors: Nerling, Eva Maria von (Author), Hille, Olaf (Author)
Other Authors: Ryjačková, Birgitt (Translator)
Format: Book
Language:Slovak
German
PhysicalDescription:125 s. noty, sch. 29 cm
Published: Bratislava Junior 1995
ISBN:8071463442
Edition:Slov. vyd.
Subjects:

MARC

LEADER 00000cam a2200000 a 4500
001 vtls001079273
003 SK-MaSNL
005 20260301193633.0
008 240318s1995 xo ag br 000 m slo
015 |a SNBA1996/0100299 
020 |a 8071463442 
035 |a SNK000022110 
035 |a urn:nbn:sk:snk-amlo8w 
035 |a urn:nbn:sk:snk-am00bsbk 
035 |a 1627BD12-9A2E-42DF-87F4-AA2975F5DADF 
040 |a SNK  |b slo  |c SNK  |e AACR2 
041 1 |a slo  |h ger 
044 |a xo  |c SK 
080 |a 830-1(087.5)  |2 1981 
080 |a 830-3(087.5)  |2 1981 
100 1 |a Nerling, Eva Maria von  |4 aut  |9 45982 
245 1 0 |a Moja najkrajšia vianočná knižka  |b rozprávky, koledy, ozdoby  |c text: Eva Maria v. Nerling, Olaf Hille ; preklad Birgitt Ryjačková 
250 |a Slov. vyd. 
260 |a Bratislava  |b Junior  |c 1995 
300 |a 125 s.  |b noty, sch.  |c 29 cm 
500 |a Ilustrácie na frontispice a predsádkach 
655 7 |a nemecká poézia  |2 SNKPH  |9 70490 
655 7 |a poézia pre deti  |2 SNKPH  |9 86748 
655 7 |a autorské rozprávky  |2 SNKPH  |9 70727 
655 7 |a nemecké rozprávky  |2 SNKPH  |9 70666 
700 1 |a Hille, Olaf  |4 aut  |9 44237 
700 1 |a Ryjačková, Birgitt  |4 trl  |9 46635 
852 |a Slovenská národná knižnica 
919 |a 80-7146-344-2 
958 |a TL 
958 |a UP 
958 |a DE 
958 |a NS 
958 |a LX 
968 |b DT 
999 |c 878323  |d 880253 
952 |t P60, <03>, [BOOK], {603}  |a SNK  |b SNK  |y PREZ  |7 0  |p 17A0968146  |o snkSB 54659  |i snkKSP 9336/95  |0 0  |1 0  |4 0  |d 1995-11-08  |f 1  |l 0  |r 2025-03-26 00:00:00  |w 2026-02-24 
952 |t P60, <05>, [BOOK], {605}  |a SNK  |b SNK  |y PREZ  |7 0  |p 17A0628029  |o snkSB 54659 D1  |i snkKSP 9337/95  |0 0  |1 0  |4 0  |d 1995-11-08  |l 1  |r 2026-03-05 14:04:50  |s 2026-02-28  |w 2026-02-24